Technician manufacturing technology (Record no. 1119)
[ view plain ]
| 000 -LEADER | |
|---|---|
| fixed length control field | 00355nam a2200145Ia 4500 |
| 008 - FIXED-LENGTH DATA ELEMENTS--GENERAL INFORMATION | |
| fixed length control field | 230711s9999||||xx |||||||||||||| ||und|| |
| 041 ## - LANGUAGE CODE | |
| Language code of text/sound track or separate title | ENG |
| 082 ## - DEWEY DECIMAL CLASSIFICATION NUMBER | |
| Classification number | 621 |
| Item number | SH-T |
| 100 ## - MAIN ENTRY--PERSONAL NAME | |
| Personal name | Shotbolt,C.R |
| 245 #0 - TITLE STATEMENT | |
| Title | Technician manufacturing technology |
| 250 ## - EDITION STATEMENT | |
| Edition statement | 1st |
| 260 ## - PUBLICATION, DISTRIBUTION, ETC. | |
| Date of publication, distribution, etc. | 1983 |
| Place of publication, distribution, etc. | Britain |
| Name of publisher, distributor, etc. | Elbs Britain |
| 650 ## - SUBJECT ADDED ENTRY--TOPICAL TERM | |
| Topical term or geographic name entry element | Mechanical Engineering |
| 942 ## - ADDED ENTRY ELEMENTS (KOHA) | |
| Koha item type | Book |
| Withdrawn status | Lost status | Damaged status | Not for loan | Collection | Home library | Current library | Date acquired | Total checkouts | Full call number | Barcode | Date last seen | Price effective from | Koha item type |
|---|---|---|---|---|---|---|---|---|---|---|---|---|---|
| MRSPTU Central Library | MRSPTU Central Library | 621 SH-T | 5522 | 08/17/2023 | 08/17/2023 | Book | |||||||
| MRSPTU Central Library | MRSPTU Central Library | 621 SH-T | 5523 | 08/17/2023 | 08/17/2023 | Book | |||||||
| MRSPTU Central Library | MRSPTU Central Library | 621 SH-T | 5524 | 08/17/2023 | 08/17/2023 | Book | |||||||
| MRSPTU Central Library | MRSPTU Central Library | 621 SH-T | 5525 | 08/17/2023 | 08/17/2023 | Book | |||||||
| MRSPTU Central Library | MRSPTU Central Library | 621 SH-T | 5643 | 08/17/2023 | 08/17/2023 | Book | |||||||
| MRSPTU Central Library | MRSPTU Central Library | 621 SH-T | 5644 | 08/17/2023 | 08/17/2023 | Book | |||||||
| MRSPTU Central Library | MRSPTU Central Library | 621 SH-T | 5645 | 08/17/2023 | 08/17/2023 | Book | |||||||
| MRSPTU Central Library | MRSPTU Central Library | 621 SH-T | 5646 | 08/17/2023 | 08/17/2023 | Book | |||||||
| MRSPTU Central Library | MRSPTU Central Library | 621 SH-T | 5647 | 08/17/2023 | 08/17/2023 | Book | |||||||
| MRSPTU Central Library | MRSPTU Central Library | 621 SH-T | 5648 | 08/17/2023 | 08/17/2023 | Book | |||||||
| MRSPTU Central Library | MRSPTU Central Library | 621 SH-T | 5649 | 08/17/2023 | 08/17/2023 | Book | |||||||
| MRSPTU Central Library | MRSPTU Central Library | 621 SH-T | 5650 | 08/17/2023 | 08/17/2023 | Book | |||||||
| MRSPTU Central Library | MRSPTU Central Library | 621 SH-T | 5651 | 08/17/2023 | 08/17/2023 | Book | |||||||
| MRSPTU Central Library | MRSPTU Central Library | 621 SH-T | 5652 | 08/17/2023 | 08/17/2023 | Book |
